| 000 | 00426nam a2200169 a 4500 | ||
|---|---|---|---|
| 001 | 3425 | ||
| 003 | CDMR | ||
| 005 | 20130314173404.0 | ||
| 008 | 130130s1961||||||||||||||||||||||||||||d | ||
| 040 |
_aCDMR _bcat _cCPC GIRONA |
||
| 100 | 1 |
_aGaziel _949 |
|
| 245 | 1 | 0 |
_aSeny, treball i llibertat _cGaziel |
| 260 |
_c1961 _bSelecta _aBarcelona |
||
| 490 | 0 |
_aBiblioteca Selecta _v317 |
|
| 490 | 0 |
_aViatges i somnis _v4 |
|
| 942 |
_cMON _2udc |
||
| 999 |
_c3425 _d3425 |
||